| 000 | 01054cam a22002651i 4500 | ||
|---|---|---|---|
| 003 | SA-RiAUC | ||
| 005 | 20250507142946.0 | ||
| 008 | 250507s1988 le g 000 0cara c | ||
| 040 |
_aJO-AmWISE _bara _cSA-RiAUC _erda |
||
| 082 | 0 | 4 |
_a922.6 _qSA-RiAUC |
| 090 |
_a922.6 _b ا ب و ن |
||
| 100 | 1 |
_aأبو نعيم، أحمد بن عبد الله بن أحمد، _d336-430 هجري _eمؤلف. |
|
| 245 | 1 | 0 |
_aحلية الأولياء وطبقات الأصفياء / _cأبو نعيم أحمد بن عبد الله الأصبهاني. |
| 250 | _aالطبعة الأولى. | ||
| 264 | 1 |
_aبيروت : _bدار الكتب العلمية، _c1988 |
|
| 300 |
_a10 مجلد؛ _c24 سم. |
||
| 336 |
_aنص _btxt _2rdacontent _3كتاب |
||
| 337 |
_aبدون وسيط _bn _2rdamedia |
||
| 338 |
_aمجلد _bnc _2rdacarrier |
||
| 650 | 7 |
_aالمتصوفون _vتراجم _2aucsh |
|
| 650 | 7 |
_aالأئمة والأولياء _vتراجم _2aucsh |
|
| 942 |
_2ddc _cBOOK _n0 |
||
| 949 |
_aSA-JeALM _d250507 _ueid123 _n1 |
||
| 999 |
_c7688 _d7688 |
||